The world of yesterday : (Record no. 130641)
[ view plain ]
| 000 -LEADER | |
|---|---|
| fixed length control field | 00680nam a22002297a 4500 |
| 005 - DATE AND TIME OF LATEST TRANSACTION | |
| control field | 20170124110114.0 |
| 010 ## - LIBRARY OF CONGRESS CONTROL NUMBER | |
| LC control number | 965290 |
| 020 ## - INTERNATIONAL STANDARD BOOK NUMBER | |
| Terms of availability | 00.00 |
| 035 ## - SYSTEM CONTROL NUMBER | |
| System control number | 965290 |
| 037 ## - SOURCE OF ACQUISITION | |
| Source of stock number/acquisition | Cen Lib/ Ret |
| 040 ## - CATALOGING SOURCE | |
| Original cataloging agency | DPL |
| Language of cataloging | EN |
| 082 ## - DEWEY DECIMAL CLASSIFICATION NUMBER | |
| Classification number | 921 |
| Item number | ZWE |
| 100 ## - MAIN ENTRY--PERSONAL NAME | |
| Personal name | Zweig, Stefan |
| 9 (RLIN) | 29732 |
| 245 ## - TITLE STATEMENT | |
| Title | The world of yesterday : |
| Statement of responsibility, etc | by Stefan Zweig |
| Remainder of title | an autobiography / |
| 260 ## - PUBLICATION, DISTRIBUTION, ETC. (IMPRINT) | |
| Place of publication, distribution, etc | London |
| Name of publisher, distributor, etc | Cassell |
| Date of publication, distribution, etc | 1943 |
| 270 ## - ADDRESS | |
| City | London |
| 300 ## - PHYSICAL DESCRIPTION | |
| Extent | 339p. |
| Dimensions | 21cm(Hb) |
| 500 ## - GENERAL NOTE | |
| General note | Includes bibliographical references and index<br/> |
| 650 ## - SUBJECT ADDED ENTRY--TOPICAL TERM | |
| Topical term or geographic name as entry element | Authors, Austrian -- 20th century -- Biography |
| 9 (RLIN) | 29733 |
| 650 ## - SUBJECT ADDED ENTRY--TOPICAL TERM | |
| Topical term or geographic name as entry element | Zweig, Stefan, -- 1881-1942 |
| 9 (RLIN) | 29734 |
| 942 ## - ADDED ENTRY ELEMENTS (KOHA) | |
| Source of classification or shelving scheme | Dewey Decimal Classification |
| Koha item type | English Books |
| Classification part | 921 |
| Call number suffix | ZWE |
| Withdrawn status | Lost status | Damaged status | Not for loan | Home library | Current library | Date acquired | Source of acquisition | Cost, normal purchase price | Total Checkouts | Full call number | Barcode | Date last seen | Copy number | Cost, replacement price | Price effective from | Koha item type | Total Renewals | Date checked out |
|---|---|---|---|---|---|---|---|---|---|---|---|---|---|---|---|---|---|---|
| Central Library | Central Library | 10/07/2015 | Cen Lib/Ret | 0.00 | 921 ZWE | 965290 | 10/07/2015 | 1 | 0.00 | 10/07/2015 | English Books | |||||||
| Central Library | Central Library | 16/12/2015 | Cen Lib/Ret | 2 | 921 ZWE | 965298 | 24/11/2022 | 2 | 16/12/2015 | English Books | 4 | 13/10/2022 |
